| 000 | 00463cam a2200157u 4500 | ||
|---|---|---|---|
| 082 |
_a940.548 _bFER _cL-30, P-68 |
||
| 100 | 1 |
_aFergusson, Bernard, _948999 |
|
| 245 | 1 | 4 | _aThe wild green earth. |
| 260 |
_aLondon, _bCollins, _c1946. |
||
| 300 |
_a288 p. _bmaps. _c21 cm. |
||
| 526 |
_a0 _b0 _c0 _d940_548000000000000_FER |
||
| 650 | 0 |
_aMCE _9379 |
|
| 650 | 0 |
_aWorld War, 1939-1945 _928174 |
|
| 650 | 0 |
_aWorld War, 1939-1945 _xCampaigns _zBurma. _937818 |
|
| 942 |
_2ddc _cBK |
||
| 999 |
_c551874 _d551874 |
||